000 00303nam a2200133Ia 4500
008 190216s9999||||xx |||||||||||||| ||und||
100 _aLoney . Sl
245 0 _aTphysics-He Elements Of Hydrostatics
250 _a19th Ed.
260 _bNull
_c1963
300 _a253
650 _aPhysics
942 _cBK
999 _c32717
_d32717